000 00934nam a2200229Ia 4500
003 GCL
005 20240530105539.0
008 140319s1991 ua g 000 0 ara d
017 _a1991/3699
_bمصر. دار الكتب
040 _aGCL /
_cGCL
082 0 4 _a272.75/
_bف ر
100 1 _aفولكس، فرانسيس
245 1 2 _aالرسالة الى افسس /
_cبقلم فرانسيس فولكس ؛ نقلة الى العربية انس عبد الملك ؛ المحرر المسئول جوزيف صابر
260 _aالقاهرة :
_bدار الثقافة العربية ،
_c1991
300 _a179 ص ؛
_c24سم.
490 0 _aالتفسير الحديث للكتاب المقدس : العهد الجديد ؛
_v10.
650 0 7 _2qrmak
_aالعهد الجديد
650 0 7 _2qrmak
_aالانجيل
700 0 _4نس عبد الملك
_eمترجم
700 0 _4جوزيف صابر
_eمحرر
942 _2ddc
_cBK
999 _c56668
_d56668